000 00711nam a2200277Ia 4500
001 Z_2958
003 CHAP
008 220113s1991 xx 000 0 und d
010 _a166041
020 _a0-409-90095-8
040 _cCHAP
082 _a636.4085 M5
100 _aMiller, Elwyn R.
_975758
245 _aSwine nutrition /
_cby Elwyn R. Miller and Austin J. Lewis
260 _aBoston :
_bButterworths,
_c1991
300 _a673 p.
503 _aej.1: 180745 \ ej.2: s/n
650 _aGanado porcino
_xNutrición
_945390
700 _aI. Ullrey, Duane E. II. Lewis, Austin J.
_9140088
901 _a636.4085 M5
902 _aM
910 _a1991
942 _c1
942 _cc1
999 _c166041
_d166041